The Daily Gourment Cookbook/ (Record no. 191857)
[ view plain ]
| 000 -LEADER | |
|---|---|
| fixed length control field | 00558nam a22001817a 4500 |
| 005 - DATE AND TIME OF LATEST TRANSACTION | |
| control field | 20220906101905.0 |
| 010 ## - LCCN (DPL NO) | |
| LC control number | ENG-134929 |
| 020 ## - INTERNATIONAL STANDARD BOOK NUMBER | |
| International Standard Book Number | 9789350570463 |
| Terms of availability | 1395.00 |
| 035 ## - SYSTEM CONTROL NUMBER | |
| System control number | EN-118461 |
| 037 ## - SOURCE OF ACQUISITION | |
| Source of stock number/acquisition | DBAD/PUB |
| 082 ## - DEWEY DECIMAL CLASSIFICATION NUMBER | |
| Classification number | 641.5 |
| 100 ## - MAIN ENTRY--PERSONAL NAME | |
| Personal name | Agarwaal, Radhicka |
| 245 ## - TITLE STATEMENT | |
| Title | The Daily Gourment Cookbook/ |
| Statement of responsibility, etc | Radhicka Agarwaal |
| 260 ## - PUBLICATION, DISTRIBUTION, ETC. (IMPRINT) | |
| Place of publication, distribution, etc | New Delhi |
| Name of publisher, distributor, etc | V& S Publishers |
| Date of publication, distribution, etc | 2013 |
| 270 ## - ADDRESS | |
| Address | F-2/16, Ansari Road, Daryaganj |
| City | New Delhi |
| Postal code | 110002 |
| Electronic mail address | info@vspublishers.com |
| 300 ## - PHYSICAL DESCRIPTION | |
| Extent | 188p. |
| Other physical details | Index |
| Dimensions | 29cm(hb) |
| 942 ## - ADDED ENTRY ELEMENTS (KOHA) | |
| Source of classification or shelving scheme | Dewey Decimal Classification |
| Item type | English Books |
| Classification part | 641.5 |
| Call number suffix | AGA |
| Withdrawn status | Lost status | Not for loan | Collection code | Home library | Current library | Date acquired | Source of acquisition | Cost, normal purchase price | Full call number | Barcode | Copy number | Cost, replacement price | Koha item type |
|---|---|---|---|---|---|---|---|---|---|---|---|---|---|
| Not For Loan | Reference | Ashok Vihar | Ashok Vihar | 06/09/2022 | DBAD/PUB | 1395.00 | 641.5 AGA | EN-118461 | 1 | 1395.00 | English Books |
